000 00585nam a22001695i 4500
001 166795
003 ES-MaACL
005 20230906213413.0
008 021008s1864 sp |||| | spa d
040 _aEUS
_bspa
_cEUS
100 1 _aUrcullu y Bulueta, Félix María de.
_9133452
245 1 0 _aDiscurso leído ante el claustro de la Universidad Central /
_cpor D. Félix María de Urcullu y Bulueta.
260 _aMadrid :
_b[s.n.],
_c1864 (
_fimprenta de F. Martinez García)
300 _a64 p. ;
_c22 cm.
597 _aSignaturizado.
852 _aES-MaACL
_jG-14134
_z-- Enc. tela
999 _c166795
_d166795